000
00390nam a2200181Ia 4500
008
100917s9999 xx 000 0 und d
082
_b
52887
100
_a
---
245
_a
भाऊ
260
_b
---
_c
---
300
_a
---
365
_b
8
520
_a
कादंबरी
630
_a
भाऊ
650
_a
कादंबरी
730
_a
भाऊ
942
_c
BOOK
999
_c
658281
_d
658278